[Event "Wch Seniors 23rd 2013"]
[Site "Opatija"]
[Date "2013.11.19"]
[Round "7.43"]
[White "Gromark, Per-Olof"]
[Black "Chernov, Evgen"]
[Result "0-1"]
[WhiteElo "2102"]
[BlackElo "2325"]
[PlyCount "40"]
[EventDate "2013.11.12"]

1. Nf3 c5 2. b3 d5 3. e3 Nf6 4. Bb2 e6 5. g3 Nc6 6. Bg2 Be7 7. O-O O-O 8. c4 d4
9. exd4 cxd4 10. Re1 Qb6 11. Ba3 Bxa3 12. Nxa3 e5 13. Rc1 e4 14. Ng5 Qc5 15.
Nxe4 Nxe4 16. Bxe4 Qxa3 17. Bxh7+ Kxh7 18. Qc2+ g6 19. Re4 Bf5 20. Rh4+ Kg7 0-1

[Event "Wch Seniors 23rd 2013"]
[Site "Opatija"]
[Date "2013.11.19"]
[Round "7.44"]
[White "Herbrechtsmeier, Christof"]
[Black "Danielsson, Robert"]
[Result "1-0"]
[WhiteElo "2302"]
[BlackElo "2098"]
[PlyCount "129"]
[EventDate "2013.11.12"]

1. e4 c5 2. Nf3 Nc6 3. d4 cxd4 4. Nxd4 g6 5. Nc3 Bg7 6. Be3 Nf6 7. Bc4 Qa5 8.
O-O O-O 9. Nb3 Qc7 10. Bg5 a6 11. a3 b5 12. Be2 Qa7 13. Be3 Qc7 14. f4 d6 15.
Bf3 e6 16. Qd2 Rd8 17. Rad1 Bf8 18. Qf2 Rb8 19. g4 Na5 20. Nxa5 Qxa5 21. e5 Ne8
22. Ba7 Bd7 23. Bxb8 Rxb8 24. f5 b4 25. axb4 Rxb4 26. fxg6 hxg6 27. Be2 Qb6 28.
Qxb6 Rxb6 29. b3 Bg7 30. Na4 Bxa4 31. bxa4 Bxe5 32. Rb1 Rxb1 33. Rxb1 Nc7 34.
Kg2 a5 35. Rb7 Nd5 36. Kf3 g5 37. Ra7 Bc3 38. Bb5 Kf8 39. h3 Bb4 40. Ke4 Nc3+
41. Kd3 Nd5 42. Kc4 Ne3+ 43. Kb3 Nd5 44. Bc6 Nf4 45. c3 Bc5 46. Rxa5 Be3 47.
Rxg5 Nxh3 48. Ra5 d5 49. Rb5 Nf2 50. Rb8+ Ke7 51. a5 Nxg4 52. a6 f5 53. Bb5 f4
54. a7 Bxa7 55. Rb7+ Kf6 56. Rxa7 f3 57. c4 dxc4+ 58. Bxc4 Ne3 59. Ra1 Nxc4 60.
Kxc4 Kf5 61. Kd3 Kf4 62. Ra8 e5 63. Rf8+ Kg3 64. Ke3 e4 65. Kxe4 1-0

[Event "Wch Seniors 23rd 2013"]
[Site "Opatija"]
[Date "2013.11.19"]
[Round "7.45"]
[White "Gamboa, Anibal"]
[Black "Vikulov, Alexander"]
[Result "1-0"]
[WhiteElo "2096"]
[BlackElo "2290"]
[PlyCount "81"]
[EventDate "2013.11.12"]

1. b3 e5 2. Bb2 Nc6 3. e3 Nf6 4. Bb5 Qe7 5. Ne2 d6 6. O-O Bd7 7. d4 e4 8. Ng3
h5 9. d5 Ne5 10. Bxd7+ Qxd7 11. Nc3 h4 12. Ngxe4 Nxe4 13. Nxe4 h3 14. g3 O-O-O
15. f4 Ng4 16. Qd4 Kb8 17. Nf2 Re8 18. Rae1 Nxf2 19. Rxf2 Rg8 20. c4 Be7 21.
Qd3 Qg4 22. Qe2 Qg6 23. e4 a6 24. Bd4 Bf6 25. Qd3 Re7 26. c5 Rge8 27. Rfe2
Bxd4+ 28. Qxd4 dxc5 29. Qc4 b5 30. Qc2 Qb6 31. e5 c4+ 32. Kf1 cxb3 33. axb3 Qd4
34. Rd1 Qb4 35. Re4 Qa3 36. Qc3 Rd7 37. Ra1 Qe7 38. Rxa6 Rxd5 39. Qc6 Rd1+ 40.
Ke2 Qe6 41. Ra8# 1-0

[Event "Wch Seniors 23rd 2013"]
[Site "Opatija"]
[Date "2013.11.19"]
[Round "7.46"]
[White "Chubar, Vladimir"]
[Black "Frick, Christoph"]
[Result "1/2-1/2"]
[WhiteElo "2071"]
[BlackElo "2254"]
[PlyCount "82"]
[EventDate "2013.11.12"]

1. d4 d6 2. Nf3 Bg4 3. e4 Nf6 4. Bd3 Nbd7 5. h3 Bxf3 6. Qxf3 e5 7. c3 g6 8. O-O
Bg7 9. Bg5 h6 10. Be3 O-O 11. Nd2 c6 12. Bc2 d5 13. dxe5 Nxe5 14. Qe2 dxe4 15.
Nxe4 Nxe4 16. Bxe4 f5 17. Bc2 f4 18. Bd4 f3 19. Qe4 fxg2 20. Kxg2 Qg5+ 21. Kh1
Rf4 22. Qg2 Qxg2+ 23. Kxg2 Nf3 24. Be3 Rff8 25. Rad1 Nh4+ 26. Kh1 Rf3 27. Bb3+
Kh8 28. Be6 Nf5 29. Bxf5 Rxf5 30. Rg1 g5 31. Rg4 Re8 32. a4 Bf6 33. Kg2 a6 34.
Rd7 Re7 35. Rxe7 Bxe7 36. Re4 Bf8 37. Re8 Kg7 38. Bd4+ Kg6 39. b4 h5 40. Rb8
Rf7 41. Rd8 Rf5 1/2-1/2

[Event "Wch Seniors 23rd 2013"]
[Site "Opatija"]
[Date "2013.11.19"]
[Round "7.47"]
[White "Baeta, Marcio Netto"]
[Black "Gruzmann, Boris"]
[Result "0-1"]
[WhiteElo "2068"]
[BlackElo "2249"]
[PlyCount "90"]
[EventDate "2013.11.12"]

1. e4 c5 2. Nc3 d6 3. Nge2 Nf6 4. g3 g6 5. d4 cxd4 6. Nxd4 Bg4 7. Qd3 Bg7 8.
Bg2 O-O 9. h3 Bd7 10. O-O Nc6 11. Be3 Ne5 12. Qe2 Qc8 13. f4 Nc4 14. Bc1 Nh5
15. Qd3 Qc5 16. Nce2 Bxd4+ 17. Qxd4 Nxg3 18. Qxc5 Nxe2+ 19. Kf2 dxc5 20. Kxe2
Bc6 21. f5 Nd6 22. Bh6 Rfe8 23. Rf4 Rad8 24. Raf1 Bb5+ 25. Ke3 Bxf1 26. Bxf1 b5
27. b3 c4 28. h4 Rc8 29. b4 Rc6 30. Rg4 Ra6 31. h5 Rxa2 32. hxg6 hxg6 33. fxg6
fxg6 34. c3 Kh7 35. Rh4 Nf7 36. Bf4+ Kg7 37. e5 g5 38. Rg4 Kh6 39. Bg3 Rd8 40.
e6 Nh8 41. Be5 Ng6 42. Bd4 Rd6 43. Re4 Nf4 44. Bc5 Rd1 45. Bxe7 Re1+ 0-1

[Event "Wch Seniors 23rd 2013"]
[Site "Opatija"]
[Date "2013.11.19"]
[Round "7.48"]
[White "Medancic, Rikard"]
[Black "Meizlin, Yaacov"]
[Result "1-0"]
[WhiteElo "2244"]
[BlackElo "2102"]
[PlyCount "87"]
[EventDate "2013.11.12"]

1. d4 Nf6 2. c4 e6 3. Nc3 b6 4. e4 d6 5. Bd3 Bb7 6. Qe2 Nbd7 7. Nf3 Be7 8. O-O
O-O 9. b3 c5 10. d5 e5 11. Bc2 Re8 12. Bb2 Nf8 13. Ne1 Ng6 14. Nd3 Qd7 15. Kh1
a6 16. a4 Bc8 17. Rae1 Ng4 18. f3 Nh6 19. Bc1 Qd8 20. g3 Bg5 21. Bxg5 Qxg5 22.
f4 exf4 23. gxf4 Qh4 24. Qf3 Bh3 25. Rg1 Bg4 26. Qg3 Qh5 27. Bd1 Bxd1 28. Rxd1
f5 29. e5 Rad8 30. Rde1 Re7 31. exd6 Red7 32. a5 Rxd6 33. Na4 bxa5 34. Naxc5
Rb8 35. Ne5 Rc8 36. Ne6 Rb8 37. Re3 a4 38. bxa4 Rb2 39. Rb3 Rb6 40. Rxb6 Rxb6
41. c5 Rb4 42. d6 Ng4 43. Nxg4 fxg4 44. Ng5 1-0

[Event "Wch Seniors 23rd 2013"]
[Site "Opatija"]
[Date "2013.11.19"]
[Round "7.49"]
[White "Acers, Jude"]
[Black "Stull, Norbert"]
[Result "1/2-1/2"]
[WhiteElo "2230"]
[BlackElo "2075"]
[PlyCount "158"]
[EventDate "2013.11.12"]

1. d4 Nf6 2. Nc3 d5 3. Bg5 Bf5 4. f3 Bg6 5. e3 e6 6. Bd3 Be7 7. f4 c5 8. Nf3
Nc6 9. O-O O-O 10. Kh1 cxd4 11. exd4 Rc8 12. Ne5 Ne4 13. Nxg6 hxg6 14. Nxe4
dxe4 15. Bxe7 Qxe7 16. Bxe4 Qb4 17. Bxc6 Rxc6 18. Rb1 Qc4 19. c3 Qxa2 20. Qd2
Qc4 21. Rfc1 b5 22. Ra1 a6 23. h3 Rfc8 24. Qd1 Qd5 25. Qd2 Qd6 26. Rf1 Qd5 27.
Qd3 b4 28. Rxa6 bxc3 29. Rxc6 Qxc6 30. bxc3 Qxc3 31. Qe4 Qc6 32. Qe5 Qc7 33.
Rb1 Qc2 34. Rb8 Rxb8 35. Qxb8+ Kh7 36. Qe5 Qf2 37. Kh2 Qd2 38. h4 Qd3 39. Qd6
Qf5 40. Qe5 f6 41. Qe3 Qg4 42. Qf2 Kh6 43. g3 Qf5 44. Qe2 Qd5 45. Qe3 Kh7 46.
g4 f5 47. g5 Qa5 48. Kh3 Qa4 49. Kg2 Qc2+ 50. Kg3 Qd1 51. Kf2 Qg4 52. Ke1 Qxh4+
53. Kd2 Qg4 54. Kc3 Qd1 55. Qxe6 Qa1+ 56. Kd3 Qf1+ 57. Kc3 Qa1+ 58. Kd3 Qf1+
59. Qe2 Qxf4 60. d5 Qxg5 61. Qh2+ Kg8 62. Qb8+ Kf7 63. Qc7+ Ke8 64. Qc6+ Kf8
65. Qc8+ Kf7 66. Qc7+ Ke8 67. Qe5+ Qe7 68. Qb8+ Qd8 69. Qe5+ Qe7 70. Qb8+ Qd8
71. Qb5+ Qd7 72. Qc5 f4 73. Kd4 Qe7 74. Qc6+ Kf7 75. Kd3 Qe3+ 76. Kc2 Qe2+ 77.
Kc3 Qe1+ 78. Kc2 Qe2+ 79. Kc3 Qe1+ 1/2-1/2

[Event "Wch Seniors 23rd 2013"]
[Site "Opatija"]
[Date "2013.11.19"]
[Round "7.51"]
[White "Haubt, Georg"]
[Black "Koryabkin, Valery"]
[Result "1-0"]
[WhiteElo "2206"]
[BlackElo "2057"]
[PlyCount "83"]
[EventDate "2013.11.12"]

1. d4 d5 2. Nc3 Nf6 3. Bg5 c6 4. Qd3 Nbd7 5. e4 dxe4 6. Nxe4 Nxe4 7. Qxe4 Qa5+
8. Bd2 Qb6 9. O-O-O Nf6 10. Qe5 Nd7 11. Qf4 e6 12. Nf3 Be7 13. Bd3 h6 14. h4
Nf6 15. Ne5 Bd6 16. g4 Qc7 17. c4 Qe7 18. Qg3 Nd7 19. f4 Bxe5 20. fxe5 Nb6 21.
g5 Bd7 22. a3 O-O-O 23. Bb4 Qe8 24. Rhf1 g6 25. gxh6 Rxh6 26. Bd2 Rh7 27. Bg5
Qg8 28. Bxd8 Qxd8 29. Qg5 Rxh4 30. Qxd8+ Kxd8 31. Rxf7 Rxd4 32. b3 a5 33. Kc2
Rg4 34. Rh1 c5 35. Rh8+ Kc7 36. Re8 Kc6 37. Ree7 Rd4 38. Be2 Nc8 39. Bf3+ Kc7
40. Rxe6 a4 41. Rxg6 axb3+ 42. Kxb3 1-0

[Event "Wch Seniors 23rd 2013"]
[Site "Opatija"]
[Date "2013.11.19"]
[Round "7.52"]
[White "Bondar, Leonid"]
[Black "Schouten, Nico"]
[Result "0-1"]
[WhiteElo "2049"]
[BlackElo "2201"]
[PlyCount "104"]
[EventDate "2013.11.12"]

1. e4 e5 2. Bc4 Nf6 3. Nf3 Nc6 4. Ng5 d5 5. exd5 Na5 6. Bb5+ Bd7 7. Qe2 Be7 8.
O-O Nxd5 9. Bxd7+ Qxd7 10. Nf3 f6 11. d4 exd4 12. Nxd4 O-O 13. Bd2 Rfe8 14. Qb5
Qxb5 15. Nxb5 Nc4 16. b3 Nxd2 17. Nxd2 c6 18. Nd4 Bb4 19. N2f3 Rad8 20. c4 Nc3
21. a4 Bc5 22. Rac1 Nxa4 23. Nxc6 bxc6 24. bxa4 Re2 25. g3 Ra2 26. Ra1 Bxf2+
27. Kg2 Rxa1 28. Rxa1 Bc5 29. Rb1 Bb6 30. Ra1 Rd3 31. a5 Bc7 32. Rb1 Bxa5 33.
Rb8+ Rd8 34. Rb7 Bb6 35. g4 Rc8 36. g5 Rc7 37. Rb8+ Kf7 38. gxf6 Kxf6 39. Rf8+
Ke7 40. Rh8 h6 41. h4 Kd6 42. Rf8 Kc5 43. Rf4 Re7 44. Kh3 Bc7 45. Rg4 a5 46.
Nd4 a4 47. Nf5 Re2 48. Rxg7 Rh2+ 49. Kg4 Rg2+ 50. Kh5 Rxg7 51. Nxg7 a3 52. Ne6+
Kxc4 0-1

[Event "Wch Seniors 23rd 2013"]
[Site "Opatija"]
[Date "2013.11.19"]
[Round "7.53"]
[White "Davydov, Mihail"]
[Black "Gundersen, Helge"]
[Result "0-1"]
[WhiteElo "2058"]
[BlackElo "2183"]
[PlyCount "152"]
[EventDate "2013.11.12"]

1. c4 e5 2. Nc3 Nc6 3. g3 f5 4. Bg2 Nf6 5. d3 Bc5 6. Nf3 f4 7. gxf4 d6 8. Be3
Bxe3 9. fxe3 O-O 10. Qd2 Re8 11. e4 a5 12. f5 Nb4 13. O-O c6 14. Ne1 Ng4 15.
Rf3 Qh4 16. Bh3 Nf6 17. Ng2 Qh5 18. a3 Na6 19. Ne3 Nc5 20. Raf1 Nb3 21. Qe1 Bd7
22. Rg3 Re7 23. Kh1 Rf8 24. Rfg1 Nd4 25. Qf2 Kh8 26. Rg5 Qxh3 27. R1g3 Qh6 28.
Ng2 Be8 29. e3 Nb3 30. Ne1 Nc5 31. Qg2 Ncd7 32. Nf3 Bh5 33. h3 Be8 34. Kh2 Bh5
35. Nh4 Be8 36. Nf3 Nc5 37. Ne1 Bh5 38. b4 axb4 39. axb4 Na6 40. Qb2 Ng4+ 41.
R3xg4 Bxg4 42. Rxg4 Qxe3 43. Rg1 Rf6 44. b5 Qb6 45. Nf3 Nc5 46. Qe2 Nd7 47. Rg4
Rh6 48. Qd2 Nf6 49. Rg1 Qd8 50. Ng5 Qe8 51. Ne6 Qh5 52. Qg2 Qf7 53. bxc6 bxc6
54. Nd8 Qe8 55. Ne6 Nh5 56. Qg5 Nf4 57. Nxf4 exf4 58. Qxf4 Rb7 59. Qg4 Qe5+ 60.
Kh1 Rf6 61. Ne2 Rf8 62. Nf4 Rb2 63. Rg2 Rxg2 64. Kxg2 Rb8 65. Kf3 Qd4 66. Qg2
Rb2 67. Qf1 Kg8 68. h4 Rd2 69. h5 Kf7 70. Kg4 Qe3 71. Qf3 Qg1+ 72. Qg3 Qh1 73.
Qh3 Rh2 74. Qg3 Qd1+ 75. Qf3 Qg1+ 76. Qg3 Qh1 0-1

[Event "Wch Seniors 23rd 2013"]
[Site "Opatija"]
[Date "2013.11.19"]
[Round "7.54"]
[White "Krstic, Slobodan"]
[Black "Ofstad, Per"]
[Result "1-0"]
[WhiteElo "2027"]
[BlackElo "2181"]
[PlyCount "69"]
[EventDate "2013.11.12"]

1. e4 e5 2. Bc4 Nf6 3. d3 Nc6 4. Nf3 Bc5 5. c3 Bb6 6. O-O d6 7. Bb3 Bg4 8. h3
Bh5 9. Re1 Qd7 10. Nbd2 g5 11. Nc4 g4 12. Nxb6 axb6 13. hxg4 Nxg4 14. Qd2 Rg8
15. Bd1 O-O-O 16. a4 Rg7 17. Nh4 Rdg8 18. f3 Nf6 19. Kh2 Bg6 20. Qf2 h5 21. Rg1
d5 22. Be2 d4 23. Bh6 Rh7 24. Bd2 Ne8 25. c4 f5 26. g3 Rf7 27. Bf1 Qe7 28. Bh3
Nd6 29. b4 Kb8 30. Qe2 fxe4 31. fxe4 Bh7 32. a5 Rgf8 33. Rg2 b5 34. c5 Ne8 35.
a6 1-0

[Event "Wch Seniors 23rd 2013"]
[Site "Opatija"]
[Date "2013.11.19"]
[Round "7.55"]
[White "Mckerracher, Douglas"]
[Black "Kostanjsek, Zorko"]
[Result "0-1"]
[WhiteElo "2006"]
[BlackElo "2177"]
[PlyCount "42"]
[EventDate "2013.11.12"]

1. e4 e5 2. Nf3 Nc6 3. Bb5 Nf6 4. d3 Bc5 5. Bxc6 dxc6 6. O-O Nd7 7. Nbd2 O-O 8.
Nc4 Re8 9. c3 Bf8 10. Qe2 b6 11. Be3 Qe7 12. Rad1 Ba6 13. Rd2 Rad8 14. Rfd1 Qe6
15. Nh4 Nf6 16. Nf5 Nxe4 17. dxe4 Bxc4 18. Qg4 Rxd2 19. Rxd2 Qg6 20. Qxg6 hxg6
21. b3 gxf5 0-1

[Event "Wch Seniors 23rd 2013"]
[Site "Opatija"]
[Date "2013.11.19"]
[Round "7.56"]
[White "Kayaman, Metin"]
[Black "Sasu-Ducsoara, Adrian-Florian"]
[Result "1/2-1/2"]
[WhiteElo "1865"]
[BlackElo "2176"]
[PlyCount "31"]
[EventDate "2013.11.12"]

1. d4 d5 2. c4 e6 3. Nc3 Nf6 4. Bg5 Nbd7 5. e3 c6 6. Nf3 Qa5 7. Nd2 Be7 8. Qc2
O-O 9. Be2 dxc4 10. Bxf6 Bxf6 11. Bxc4 Qd8 12. Nde4 e5 13. dxe5 Nxe5 14. Rd1
Qe7 15. Nxf6+ Qxf6 16. O-O 1/2-1/2

[Event "Wch Seniors 23rd 2013"]
[Site "Opatija"]
[Date "2013.11.19"]
[Round "7.57"]
[White "Milosevic, Bozidar"]
[Black "Diaz Franco, Francisco Jorge"]
[Result "0-1"]
[WhiteElo "1734"]
[BlackElo "1966"]
[PlyCount "70"]
[EventDate "2013.11.12"]

1. e4 c6 2. Nc3 d5 3. exd5 cxd5 4. d4 Nc6 5. Nf3 Bg4 6. Bb5 e6 7. h3 Bxf3 8.
Qxf3 Qb6 9. Qe3 Bb4 10. Bd2 Nge7 11. g4 O-O 12. Bxc6 Nxc6 13. Ne2 Bd6 14. Bc3
Qc7 15. f4 Rae8 16. O-O-O b5 17. Rd3 b4 18. Bd2 Rc8 19. Kd1 Na5 20. b3 Qxc2+
21. Ke1 Qb1+ 22. Nc1 Rc2 23. Ke2 Nb7 24. Rd1 Qb2 25. Kf3 a5 26. Be1 Rfc8 27.
Bd2 Bb8 28. f5 exf5 29. gxf5 Nd6 30. f6 Ne4 31. Rg1 R2c6 32. Rxg7+ Kf8 33. Rg8+
Kxg8 34. Qg1+ Bg3 35. Ke2 Kh8 0-1

[Event "Wch Seniors 23rd 2013"]
[Site "Opatija"]
[Date "2013.11.19"]
[Round "7.59"]
[White "Mclaren, Brian"]
[Black "Acosta, Mariano"]
[Result "1-0"]
[WhiteElo "2158"]
[BlackElo "1978"]
[PlyCount "141"]
[EventDate "2013.11.12"]

1. g3 e5 2. Nf3 e4 3. Nd4 d5 4. d3 f5 5. Bg2 h5 6. h4 Be7 7. dxe4 dxe4 8. Nc3
Bf6 9. Be3 Ne7 10. Ndb5 Bd7 11. Qd2 a6 12. Nd4 Nbc6 13. O-O-O Ne5 14. Bg5 O-O
15. Bxf6 Rxf6 16. f3 Nc4 17. Qg5 Rg6 18. Qf4 Nd6 19. Rhf1 e3 20. Rg1 b5 21.
Qxe3 Rxg3 22. Qf4 Rg6 23. Bh3 Qe8 24. e4 b4 25. Nd5 Nxd5 26. exd5 Qf7 27. Rxg6
Qxg6 28. Nb3 Kh7 29. Nc5 Rd8 30. Nxa6 Ne4 31. fxe4 Qxa6 32. Bxf5+ Bxf5 33.
Qxf5+ Kg8 34. Qg5 Rf8 35. Rg1 Rf1+ 36. Rxf1 Qxf1+ 37. Kd2 Qf2+ 38. Kd3 Qf3+ 39.
Kd4 Qd1+ 40. Ke5 Qxc2 41. Qe7 Qxb2+ 42. Ke6 Kh7 43. e5 Qxa2 44. Qxb4 c6 45.
Qe4+ Kg8 46. Kd6 Qa3+ 47. Kxc6 Qa6+ 48. Kc5 Qa5+ 49. Kd4 Qd2+ 50. Kc4 Qc1+ 51.
Kb5 Qb2+ 52. Kc6 Qb8 53. e6 Qc8+ 54. Kd6 Qb8+ 55. Kc5 Qa7+ 56. Kb5 Qb8+ 57. Kc4
Qc7+ 58. Kd3 Qg3+ 59. Kd4 Qf2+ 60. Kc4 Qa2+ 61. Kb4 Qb2+ 62. Kc5 Qc3+ 63. Qc4
Qa5+ 64. Qb5 Qc3+ 65. Kb6 Qd4+ 66. Qc5 Qxh4 67. e7 Qf6+ 68. d6 Qb2+ 69. Kc7 Qe2
70. Kd8 Kf7 71. Qxh5+ 1-0

[Event "Wch Seniors 23rd 2013"]
[Site "Opatija"]
[Date "2013.11.19"]
[Round "7.60"]
[White "Weisenburger, Horst"]
[Black "Masich, Vladimir"]
[Result "0-1"]
[WhiteElo "2141"]
[BlackElo "1931"]
[PlyCount "68"]
[EventDate "2013.11.12"]

1. f4 g6 2. Nf3 Nf6 3. g3 b6 4. Bg2 Bb7 5. d3 Bg7 6. e4 d6 7. O-O O-O 8. Nc3 c5
9. h3 Nbd7 10. g4 h5 11. Ng5 hxg4 12. hxg4 Nh7 13. Nf3 e5 14. f5 g5 15. Kf2 f6
16. Rh1 Rf7 17. Rh5 Ndf8 18. Be3 Rd7 19. Qh1 a6 20. Qh2 Bc6 21. Rh1 Bh8 22. Rh6
Raa7 23. Bf1 b5 24. b4 cxb4 25. Rg6+ Nxg6 26. fxg6 bxc3 27. Bxa7 Rxa7 28. gxh7+
Kf8 29. Qh6+ Rg7 30. d4 Bxe4 31. Rh3 Ke7 32. Bg2 Bxc2 33. Ne1 Bb1 34. Rf3 Rxh7
0-1

[Event "Wch Seniors 23rd 2013"]
[Site "Opatija"]
[Date "2013.11.19"]
[Round "7.63"]
[White "Nielsen, Peter"]
[Black "Wilson, F  Leon"]
[Result "1/2-1/2"]
[WhiteElo "1769"]
[BlackElo "1591"]
[PlyCount "104"]
[EventDate "2013.11.12"]

1. d4 Nf6 2. c4 c5 3. Nf3 b5 4. cxb5 a6 5. e3 g6 6. Nc3 Bg7 7. Be2 Qc7 8. O-O
d6 9. bxa6 Bxa6 10. Bxa6 Nxa6 11. a3 O-O 12. Qc2 Rfc8 13. Bd2 cxd4 14. Nxd4 Nc5
15. f3 Qd7 16. Rfc1 e5 17. Nde2 e4 18. fxe4 Ncxe4 19. Qd1 Nc5 20. Be1 Rab8 21.
b4 Nce4 22. Nxe4 Nxe4 23. Rxc8+ Rxc8 24. Rc1 Ra8 25. Qd5 Re8 26. Nf4 Nf6 27.
Qf3 Qa7 28. Bd2 Qxa3 29. Qc6 Rxe3 30. Bxe3 Qxe3+ 31. Kh1 Ng4 32. Rf1 Nf2+ 33.
Rxf2 Qxf2 34. Qe8+ Bf8 35. Qe2 Qxe2 36. Nxe2 Bg7 37. Kg1 d5 38. Kf1 Kf8 39. Ke1
Ke7 40. Kd2 Kd6 41. Kd3 Kc6 42. Nd4+ Kb6 43. Ke3 Bf8 44. Nc2 Kb5 45. Kd4 Kc6
46. b5+ Kxb5 47. Kxd5 Bc5 48. Ne1 f5 49. Nf3 Be3 50. Nh4 Kb4 51. Ke6 Kc4 52.
Kf7 Bf2 1/2-1/2

[Event "Wch Seniors 23rd 2013"]
[Site "Opatija"]
[Date "2013.11.19"]
[Round "7.65"]
[White "Singer, Hans"]
[Black "Jorgensen, Arne Bjorn"]
[Result "1-0"]
[WhiteElo "2177"]
[BlackElo "1999"]
[PlyCount "69"]
[EventDate "2013.11.12"]

1. d4 Nf6 2. c4 g6 3. Nc3 Bg7 4. e4 d6 5. Nf3 O-O 6. Be2 c5 7. d5 e6 8. h3 exd5
9. exd5 Re8 10. O-O Nbd7 11. Bg5 h6 12. Be3 a6 13. Qd2 Kh7 14. Bd3 Ne5 15. Nxe5
Rxe5 16. Rab1 Rh5 17. Rfe1 Bxh3 18. gxh3 Rxh3 19. Bf1 Rh5 20. Bg2 Ng4 21. Ne2
Nxe3 22. Qxe3 Qh4 23. Qf4 Qd8 24. Ng3 Rh4 25. Qxf7 Qg5 26. Re7 Rg8 27. Ne4 Rxe4
28. Rxe4 Rf8 29. Qe7 Qf5 30. Rf1 Kh8 31. Qe6 Qh5 32. Qg4 Qxg4 33. Rxg4 g5 34.
f4 Bd4+ 35. Kh1 1-0

[Event "Wch Seniors 23rd 2013"]
[Site "Opatija"]
[Date "2013.11.19"]
[Round "7.66"]
[White "Markovic, Lazar"]
[Black "Zybura, Andre"]
[Result "1-0"]
[WhiteElo "2172"]
[BlackElo "1990"]
[PlyCount "67"]
[EventDate "2013.11.12"]

1. e4 e5 2. Nf3 Nf6 3. Nxe5 Nxe4 4. Qe2 Qe7 5. Qxe4 d6 6. d4 dxe5 7. Qxe5 Qxe5+
8. dxe5 Nc6 9. Bb5 Bd7 10. Bxc6 Bxc6 11. O-O O-O-O 12. Be3 Re8 13. Bd4 Be4 14.
Nd2 Bxc2 15. Rfc1 Ba4 16. Bxa7 Bc6 17. Bd4 Bb4 18. Nf1 Re6 19. g3 Rd8 20. Rc4
Be7 21. Bc3 Bb5 22. Rf4 f6 23. exf6 gxf6 24. Ne3 h5 25. Rf5 Be2 26. Nd5 Rxd5
27. Rxd5 c6 28. Rd4 b6 29. Re1 Bg4 30. Rxe6 Bxe6 31. Rh4 Bg4 32. f3 f5 33. fxg4
Bxh4 34. gxh4 1-0

[Event "Wch Seniors 23rd 2013"]
[Site "Opatija"]
[Date "2013.11.19"]
[Round "7.67"]
[White "Ramusch, Arnulf"]
[Black "Petzold, Hans"]
[Result "1/2-1/2"]
[WhiteElo "1979"]
[BlackElo "2130"]
[PlyCount "43"]
[EventDate "2013.11.12"]

1. d4 e6 2. Nf3 Nf6 3. e3 b6 4. Bd3 Bb7 5. O-O Be7 6. Nbd2 d6 7. b3 Nbd7 8. Bb2
c5 9. c4 Qc7 10. Rc1 O-O 11. Ne1 Rfe8 12. f4 Rad8 13. Qe2 d5 14. Nef3 Ne4 15.
Ne5 f6 16. Ng4 Bf8 17. Nxe4 dxe4 18. Bb1 f5 19. Ne5 Nxe5 20. dxe5 Rd7 21. Rfd1
Red8 22. Bc3 1/2-1/2

[Event "Wch Seniors 23rd 2013"]
[Site "Opatija"]
[Date "2013.11.19"]
[Round "7.68"]
[White "Zhelesny, Stanislav"]
[Black "Green, Per"]
[Result "1/2-1/2"]
[WhiteElo "2109"]
[BlackElo "1990"]
[PlyCount "87"]
[EventDate "2013.11.12"]

1. Nf3 Nf6 2. g3 d5 3. Bg2 c6 4. d4 Bf5 5. Nbd2 g6 6. Nh4 Be6 7. Ndf3 Bg7 8.
Ne5 Nbd7 9. Nd3 Nb6 10. Nc5 Bc8 11. c3 Nc4 12. O-O O-O 13. Nf3 Re8 14. Re1 e5
15. b3 e4 16. bxc4 exf3 17. Bxf3 b6 18. Nd3 Ne4 19. cxd5 cxd5 20. Bb2 Ng5 21.
Bg2 Nh3+ 22. Bxh3 Bxh3 23. Nf4 Bf5 24. Qb3 Be6 25. Nxe6 Rxe6 26. c4 dxc4 27.
Qxc4 Rc8 28. Qd3 Rec6 29. Rad1 Rc2 30. Rd2 R2c4 31. e3 Bf8 32. Ree2 Qc7 33. d5
Bb4 34. d6 Qd7 35. Rd1 R4c6 36. Be5 Rd8 37. Rc2 Bc5 38. Qd5 Re8 39. h4 h5 40.
Rd4 Rxe5 41. Qxe5 Bxd4 42. Qe7 Rxd6 43. Qxd7 Rxd7 44. Rd2 1/2-1/2

[Event "Wch Seniors 23rd 2013"]
[Site "Opatija"]
[Date "2013.11.19"]
[Round "7.69"]
[White "Hutchinson, Norman A"]
[Black "Yakovlev, Yuri S"]
[Result "1-0"]
[WhiteElo "2106"]
[BlackElo "1951"]
[PlyCount "43"]
[EventDate "2013.11.12"]

1. e4 c5 2. Nf3 e6 3. c3 Nc6 4. d4 d5 5. exd5 Qxd5 6. Na3 a6 7. Nc4 Qd8 8. Be3
cxd4 9. Nxd4 Nxd4 10. Bxd4 b5 11. Qf3 Rb8 12. Qg3 Bd7 13. Nd6+ Bxd6 14. Qxg7 e5
15. Qxh8 exd4 16. Qxg8+ Bf8 17. Be2 Bf5 18. O-O Bg6 19. Rad1 Ke7 20. Qh8 f6 21.
Bh5 Kf7 22. Qxh7+ 1-0

[Event "Wch Seniors 23rd 2013"]
[Site "Opatija"]
[Date "2013.11.19"]
[Round "7.70"]
[White "Hedin, Gunnar"]
[Black "Gonzalez Pabollet, Jesus Maria"]
[Result "1-0"]
[WhiteElo "2100"]
[BlackElo "1970"]
[PlyCount "53"]
[EventDate "2013.11.12"]

1. d4 c5 2. d5 Nf6 3. Nc3 d6 4. e4 e6 5. Bb5+ Bd7 6. a4 Be7 7. Nf3 O-O 8. h3
Re8 9. dxe6 fxe6 10. e5 dxe5 11. Nxe5 a6 12. Nxd7 Nbxd7 13. Bc4 Kh8 14. O-O Qb6
15. Re1 Rad8 16. Qe2 Bd6 17. a5 Qc6 18. Bg5 e5 19. Ne4 Be7 20. Rad1 Nxe4 21.
Bxe7 Nc3 22. Qd2 Nxd1 23. Bxd8 Nxb2 24. Bd5 Qd6 25. Bg5 Nc4 26. Bxc4 Qc7 27.
Rd1 1-0

[Event "Wch Seniors 23rd 2013"]
[Site "Opatija"]
[Date "2013.11.19"]
[Round "7.71"]
[White "Bohman, Leif"]
[Black "Kurka, Dieter"]
[Result "0-1"]
[WhiteElo "1880"]
[BlackElo "2091"]
[PlyCount "62"]
[EventDate "2013.11.12"]

1. d4 d5 2. Nf3 Nf6 3. Bf4 c5 4. c3 Nc6 5. e3 Qb6 6. Qb3 c4 7. Qxb6 axb6 8.
Nbd2 Bf5 9. h3 b5 10. Be2 h6 11. O-O b4 12. Ne5 bxc3 13. bxc3 Nxe5 14. Bxe5 e6
15. Rfe1 Ba3 16. e4 Nxe4 17. Nxe4 Bxe4 18. f3 Bg6 19. Bxg7 Rh7 20. Bf6 Bb2 21.
a4 Bxc3 22. Rab1 Bxb1 23. Rxb1 Ra7 24. Bd1 h5 25. a5 Ra6 26. Ba4+ Kf8 27. Be5
Rxa5 28. Rxb7 Rxa4 29. Rb8+ Ke7 30. Rb7+ Ke8 31. Rb8+ Kd7 0-1

[Event "Wch Seniors 23rd 2013"]
[Site "Opatija"]
[Date "2013.11.19"]
[Round "7.72"]
[White "Finnlaugsson, Gunnar"]
[Black "Lovejoy, David"]
[Result "1/2-1/2"]
[WhiteElo "2082"]
[BlackElo "1943"]
[PlyCount "63"]
[EventDate "2013.11.12"]

1. e4 e5 2. Nf3 Nc6 3. Bb5 a6 4. Ba4 Nf6 5. O-O b5 6. Bb3 Be7 7. Re1 d6 8. c3
O-O 9. h3 Na5 10. Bc2 c5 11. d4 Qc7 12. Nbd2 Bd7 13. Nf1 Nc4 14. a4 Nb6 15.
axb5 axb5 16. Rxa8 Rxa8 17. dxe5 dxe5 18. Bg5 Bc6 19. Ng3 g6 20. Qc1 c4 21. Qe3
Nbd7 22. Nh2 Bf8 23. Kh1 Qa7 24. Qd2 Bg7 25. f4 exf4 26. Qxf4 Re8 27. Bxf6 Nxf6
28. Nf3 Qb8 29. Qxb8 Rxb8 30. Nd4 Be8 31. Ra1 h5 32. Nf1 1/2-1/2

[Event "Wch Seniors 23rd 2013"]
[Site "Opatija"]
[Date "2013.11.19"]
[Round "7.73"]
[White "Batakovs, Olegs"]
[Black "Lim, Kian Hwa"]
[Result "1-0"]
[WhiteElo "2075"]
[BlackElo "1883"]
[PlyCount "73"]
[EventDate "2013.11.12"]

1. e4 e5 2. Nf3 Nc6 3. Bb5 a6 4. Bc4 Nf6 5. O-O b5 6. Bb3 Be7 7. Re1 d6 8. c3
O-O 9. h3 Na5 10. Bc2 c5 11. d4 cxd4 12. cxd4 Nc6 13. d5 Nb4 14. Bb3 a5 15. a4
bxa4 16. Bxa4 Bd7 17. Nc3 Bxa4 18. Rxa4 Nd7 19. Be3 Nb6 20. Bxb6 Qxb6 21. Qe2
Rfb8 22. Rea1 Bd8 23. Ne1 Qb7 24. Nd3 Nxd3 25. Qxd3 Qb3 26. R1a2 h6 27. Qc4 Qc2
28. Qe2 Qc1+ 29. Qd1 Bg5 30. Qxc1 Bxc1 31. b4 Rc8 32. Ne2 Rab8 33. bxa5 Bf4 34.
g3 Rb1+ 35. Kg2 Bc1 36. a6 Bb2 37. Rb4 1-0

[Event "Wch Seniors 23rd 2013"]
[Site "Opatija"]
[Date "2013.11.19"]
[Round "7.74"]
[White "Korenevski, Oleg"]
[Black "Zhukov, Viktor I"]
[Result "1/2-1/2"]
[WhiteElo "1880"]
[BlackElo "2069"]
[PlyCount "57"]
[EventDate "2013.11.12"]

1. e4 c5 2. b3 Nc6 3. Nf3 d6 4. Bb2 Nf6 5. e5 Nd5 6. c4 Nf4 7. g3 Ng6 8. exd6
Qxd6 9. Nc3 Bf5 10. Nb5 Qb8 11. a3 a6 12. Nc3 e6 13. Bg2 Bd3 14. Bf1 Nge5 15.
Bg2 Qd6 16. Ne2 Bxe2 17. Kxe2 O-O-O 18. Qc2 f5 19. Rhd1 Be7 20. Nxe5 Nxe5 21.
d4 Ng4 22. h3 Nf6 23. dxc5 Qxc5 24. Rxd8+ Rxd8 25. Rd1 a5 26. Rxd8+ Bxd8 27.
Qd3 Bb6 28. Qe3 Qd6 29. Qe5 1/2-1/2